|
|
|
|
| LEADER |
00000ny a22000003n 4500 |
| 005 |
20110615114631.0 |
| 008 |
090727s2000 sp |s 000 0 spa d |
| 035 |
|
|
|a 4603
|
| 040 |
|
|
|a BUS
|d vLex
|
| 090 |
|
|
|c 693
|d 693
|
| 245 |
0 |
0 |
|a EU annual report on human rights 2006
|h [Recurso electrn̤ico]
|
| 256 |
|
|
|a Servicio en ln̕ea
|
| 260 |
|
|
|a Barcelona :
|b European Union Publications Office,
|c 2006
|
| 506 |
1 |
|
|a Contenido solo disponible en los productos indicados
|d vLex Global
|d vLex Global (Academic Edition, excluding Law Schools)
|d vLex Global (U.S. Academic Edition, Law Schools)
|d vLex Global (U.S. Academic Edition, excluding Law Schools)
|d vLex Global (Academic Edition, Law Schools)
|
| 650 |
0 |
4 |
|a Derechos humanos
|
| 740 |
0 |
|
|a vLex Libros (Servicios en ln̕ea)
|
| 856 |
4 |
0 |
|u http://vlex.com/source/4603
|z Acceso restringido
|
| 942 |
|
|
|c BOOK
|
| 999 |
0 |
|
|a Human rights
|b Barcelona
|